Las artes populares guanajuatenses (Record no. 1277)

MARC details
000 -CABECERA
campo de control de longitud fija 00582nam a2200157 a 4500
001 - NÚMERO DE CONTROL
campo de control BRCA_1415
005 - FECHA Y HORA DE LA ÚLTIMA TRANSACCIÓN
campo de control 20190320203421.0
008 - DATOS DE LONGITUD FIJA--INFORMACIÓN GENERAL
campo de control de longitud fija 930111s1961 mx-a---###---s000-0#spa-#
050 #4 - SIGNATURA TOPOGRÁFICA DE LA BIBLIOTECA DEL CONGRESO
Número de clasificación NK845.G8
Número de documento/Ítem .R83 1961
100 1# - ENTRADA PRINCIPAL--NOMBRE DE PERSONA
Nombre de persona Rubín de la Borbolla, Daniel
9 (RLIN) 4623
245 10 - MENCIÓN DE TÍTULO
Título Las artes populares guanajuatenses
Mención de responsabilidad, etc. por Daniel F. Rubín de la Borbolla.
260 ## - PUBLICACIÓN, DISTRIBUCIÓN, ETC.
Lugar de publicación, distribución, etc. Guanajuato, Gto.
Nombre del editor, distribuidor, etc. Gobierno del Estado de Guanajuato con la colaboración del Museo Nacional de Artes e Industrias Populares
Fecha de publicación, distribución, etc. 1961
300 ## - DESCRIPCIÓN FÍSICA
Extensión 115 p.
Otras características físicas il.
Dimensiones 21 cm.
650 14 - PUNTO DE ACCESO ADICIONAL DE MATERIA--TÉRMINO DE MATERIA
Término de materia o nombre geográfico como elemento de entrada Arte popular
Subdivisión geográfica México
9 (RLIN) 882
942 ## - ELEMENTOS DE PUNTO DE ACCESO ADICIONAL (KOHA)
Fuente del sistema de clasificación o colocación Library of Congress Classification
Tipo de ítem Koha Libros
Holdings
Estado de retiro Estado de pérdida Estado dañado No para préstamo Localización permanente Ubicación/localización actual Fecha de adquisición Total de préstamos Signatura topográfica completa Código de barras Fecha visto por última vez Precio válido a partir de Tipo de ítem Koha
El ejemplar forma parte de la colección y puede ser consultado según las políticas vigentes.       Biblioteca del Museo Franz Mayer (Rogerio Casas-Alatriste) Biblioteca del Museo Franz Mayer (Rogerio Casas-Alatriste) 26/06/2008   NK845.G8 .R83 1961 01941 22/03/2019 22/03/2019 Libros